Normale Ansicht MARC-Ansicht ISBD

Otkrytie Chasarii (Titelsatznr. 43974)

[ MARC ]
MARC-Details
000 -Satzkennung
Kontrollfeld mit fester Länge 00507nam a22001811c 4500
001 - Kontrollnummer
Kontrollfeld a987666551+[1]
035 ## - Systemkontrollnummer
System-Kontrollnummer a987666551
008 - Feld mit fester Länge zur physischen Beschreibung - Allgemeine Angaben
Kontrollfeld mit fester Länge 170707s2010 gw |||| 000u rus d
040 ## - Katalogisierungsquelle
Übertragungsstelle RU-10907106
003 - Kontrollnummer Identifier
Kontrollfeld RU-10907106
100 1# - Haupteintragung - Personenname
Personenname Gumilev, Lev N.
Koha-Normdatenidentnummer 10087
245 00 - Titel
Titel Otkrytie Chasarii
264 ## - Produktion, Veröffentlichung, Distribution, Herstellung und Urheberrechtsvermerk
Herstellungs-, Veröffentlichungs- Vertriebs-, Erzeugungsort Moskva :
Produzent, Herausgeber, Distributor, Hersteller Algoritm [u.a.],
Datum der Herstellung, der Veröffentlichung, des Vertriebs oder des Urheberschutzvermerks 2010
246 12 - Titelvarianten
Hauptsachtitel/Kurztitel Chazary : tainstvennyj sled v russkoj istorii. Otkrytie Chasarii
Zählung des Teils/der Abteilung eines Werkes [1]
300 ## - Physische Beschreibung
Umfang S. 7-188
773 0# - Übergeordnete Einheit
Datensatzkontrollnummer a987666551
Zählung und erste Seite [1]
Haupteintragung Chazary
942 ## - Zusätzliche Felder (Koha)
Koha-Medientyp Monographien

Keine Exemplare verfügbar.